| 000 | 00669nam a2200217 a 4500 | ||
|---|---|---|---|
| 005 | 20240524063649.0 | ||
| 008 | 040507s1994 mx r 000 0 spa d | ||
| 020 | _a9686677291 | ||
| 035 | _aUPN01000133338 | ||
| 049 | _aCG | ||
| 050 | 4 |
_aPN4784 T4 _bL4.7 |
|
| 100 | 1 | _aLewis, Carolyn Diana | |
| 245 | 1 | 3 |
_aEl reportaje por televisión / _cCarolyn Diana Lewis ; tr. Manuel Ortiz Staines. |
| 260 |
_aMéxico : _bPubligrafics, _c1994. |
||
| 300 | _a230 p. | ||
| 534 |
_pTraducción de: _tReporting for television |
||
| 650 | 4 | _aNOTICIAS POR TELEVISION | |
| 650 | 0 |
_aReporteros y reportajes _920969 |
|
| 650 | 4 |
_aTELEVISION - _xEMISION DE NOTICIAS |
|
| 905 | _aLibro | ||
| 999 |
_c105490 _d105490 |
||